000 01021nam a22003017a 4500
001 BR8202664
003 BR-BrBNA
005 20230928091317.0
007 ta
008 230509b bl.||||| |||| 00| 0 por d
040 _aBR-BrBNA
_bpor
_cBiblioteca Nacional de Agricultura
041 _a(Por)
072 _aP10; E30
_b/G514
_b/GZ35
090 _ P10 BR8202664
110 1 _aComissao Brasileira para o Programa Hidrologico Internacional, Brasilia, DF
_91951
111 1 _aProjeto Regional Maior para a Utilizacao e Conservacao de Recursos Hidricos em Areas Rurais da America Latina e do Caribe
_cMexico, DF (Mexico)
_d8 Mar 1982
245 1 _aO Projeto Regional Maior e a Regiao Semi-Arida do Brasil
260 3 _aBrasilia, DF (Brasil):
_c1982.
300 _a60 p.
500 _a20 illus.
650 _aRECURSO HIDRICO
650 _aBACIA HIDROGRAFICA
650 _aHIDROLOGIA
650 _aPROJETO DE DESENVOLVIMENTO
650 _aREGIAO SEMI-ARIDA
909 _a202309
_bLucia
_c55
_dLucia Elande
942 _cBK
999 _c33327
_d33327